Statistics for Welcome to Night Vale Coca-Cola add

Click here to take the quiz!

General Stats

  • This quiz has been taken 4 times
  • The average score is 46 of 114

Answer Stats

Answer% Correct
I
100%
a
67%
a
67%
a
67%
a
67%
Coca-Cola
67%
I
67%
I
67%
I
67%
I
67%
I
67%
I
67%
I
67%
I
67%
it
67%
The
67%
the
67%
the
67%
the
67%
The
67%
the
67%
you
67%
you
67%
about
33%
above
33%
above
33%
above,
33%
above
33%
alarm
33%
and
33%
and
33%
and
33%
and
33%
and
33%
animal.
33%
Bitter
33%
breathing
33%
brittle
33%
brittle
33%
brought
33%
by
33%
clocks.
33%
Concentrate
33%
control.
33%
cool
33%
cool
33%
could
33%
could
33%
could
33%
dunes,
33%
dunes,
33%
escape.
33%
escape.
33%
go
33%
grass
33%
grass
33%
had
33%
had
33%
ideas
33%
in
33%
in
33%
let
33%
like
33%
like
33%
lost
33%
me,
33%
me,
33%
me,
33%
me
33%
message
33%
moon
33%
nigh
33%
night
33%
nor
33%
not
33%
not
33%
nutrition
33%
of
33%
of
33%
on
33%
on
33%
on
33%
only
33%
other
33%
other
33%
overgrown,
33%
overgrown,
33%
peaches
33%
place,
33%
remembered
33%
remembered
33%
sand
33%
sand
33%
saw.
33%
saw.
33%
sky
33%
sky,
33%
slunk
33%
smell
33%
smells.
33%
spun
33%
taste
33%
that
33%
This
33%
times
33%
to
33%
took
33%
took
33%
unripe
33%
walk
33%
walk
33%
was
33%
world
33%
wounded
33%

Score Distribution

Percentile by Number Answered

Percent of People with Each Score

Your Score History

You have not taken this quiz